000 01365nab a22002537a 4500
999 _c5290
_d5290
003 OSt
005 20250217110635.0
008 190604e xxu||||| |||| 00| 0 spa d
040 _cPJ
100 _96347
_aPavioni, Natalí
245 1 0 _aProtocolo de actuación frente a bloqueos :
_bderechos humanos involucrados /
_cNatalí Pavioni.
260 _aCiudad Autónoma de Buenos Aires :
_bThomson Reuters La Ley,
_c2024.
300 _ap. 26-38
500 _aCita Online: TR LALEY AR/DOC/2702/2024.
505 _aSumario: I. Introducción.— II. Contenido de la res. del Ministerio de Seguridad 901/2024.— III. El derecho a huelga y su protección constitucional.— IV. El derecho a huelga en el derecho internacional de los derechos humanos.— V. Tomas o bloqueos a establecimientos en contextos de conflicto laboral. Precedentes jurisprudenciales.— VI. Conclusiones.— VII. Bibliografía.
505 _t¿Te interesa el texto completo? Solicitalo al correo: koha@justierradelfuego.gov.ar
650 0 _94564
_aDERECHO DE HUELGA
650 0 _9614
_aDERECHOS HUMANOS
650 0 _91533
_aDESPIDO
650 0 _94583
_aDERECHOS SINDICALES
650 0 _94966
_aFUERZAS ARMADAS
773 0 _02714
_93171
_dCiudad Autónoma de Buenos Aires : Thomson Reuters La Ley, 2014-
_tRevista anales de legislación argentina. Nº 12 - Diciembre 2024.
942 _2udc
_cANA